| 000 | 02028nam a2200409 c 4500 | ||
|---|---|---|---|
| 003 | BLK | ||
| 005 | 20210720144450.0 | ||
| 008 | 180408b bul|||||r ||||||| ||bul|| | ||
| 010 | _aKNG00075690000 | ||
| 020 |
_a978-954-91678-2-5 _bиздат.: Златно кормило |
||
| 040 | _aBLK | ||
| 041 |
_aBUL _cBUL |
||
| 080 |
_aНадзор на движението. Транспортна полиция (милиция) - Надзор върху шосеен, уличен, железопътен, воден, въздушен и др. видове транспорт _b351.81 _x:656.11(497.2)(094.9) _z351.81:656.11(497.2)(094.9) |
||
| 700 | 1 |
_aВладинов, Цветан Владинов _eсъстав. и ред. _948699 |
|
| 710 | 1 |
_aБългария. Закони и др. п. _9243213 |
|
| 139 |
_aБългария. Закони и др. п. _bБ 92 |
||
| 245 | 1 | 0 |
_aЗакон за движението по пътищата _cсъстав. и ред. Цветан Владинов Владинов. |
| 245 | 1 | 0 |
_aНаредби за прилагането на закона _b _c |
| 245 | 1 | 0 |
_aЕкспериментални средства за сигнализиране _b _c |
| 245 | 1 | 0 |
_aНови пътни знаци _b _c |
| 245 | 1 | 0 |
_aНаказателен кодекс - престъпления по автотранспорта _b _c |
| 257 | _aBGR | ||
| 260 |
_аСофия _bЗлатно кормило _c2007 |
||
| 300 |
_a104 с. _bс табл., ил. _c21 см |
||
| 380 | _a3 | ||
| 500 | _aОфс. изд. | ||
| 650 | 4 |
_aУлично движение - правила - България - законодателни и директивни материали _9263853 |
|
| 653 | _aправила за уличното движение | ||
| 653 | _aзакони | ||
| 653 | _aнормативни документи | ||
| 653 | _aБългария | ||
| 852 | _aЦб 234354 | ||
| 856 | 4 |
_qpdf _u |
|
| 856 | 4 |
_qpdf _u |
|
| 942 |
_cKNG _n0 _03 |
||
| 944 |
_aCR _c13.06.2007 _kМилена_Ачева |
||
| 944 |
_aED _c22.08.2011 _k |
||
| 999 |
_c71322 _d71322 |
||